Entre La Pasión y el Bajo Aguán: el rostro violento del neoextractivismo palmero en Centroamérica /
Examina el fenómeno del neoextractivismo palmero en la región centroamericana, específicamente en el área de La Pasión y el Bajo Aguán. El artículo analiza las implicaciones sociales, económicas y ambientales de esta actividad, así como las formas de violencia asociadas a ella. RAR 31-03-2023...
Gespeichert in:
| 1. Verfasser: | |
|---|---|
| Format: | Buch |
| Sprache: | Spanish |
| Schlagworte: | |
| Tags: |
Tag hinzufügen
Keine Tags, Fügen Sie den ersten Tag hinzu!
|
MARC
| LEADER | 00000nam a22000007a 4500 | ||
|---|---|---|---|
| 003 | cru IIS | ||
| 005 | 20230822151047.0 | ||
| 007 | ta | ||
| 008 | 220809t2018 cr |||p|r|||| 00| 0 spa d | ||
| 040 | |c cru IIS | ||
| 100 | 1 | |9 10676 |a Villafuerte Solís, Daniel |e Autor | |
| 245 | 1 | |a Entre La Pasión y el Bajo Aguán: |b el rostro violento del neoextractivismo palmero en Centroamérica / |c Daniel Villafuerte Solís | |
| 300 | |a páginas 315-340 : |b tablas | ||
| 500 | |a Colección Centroamérica | ||
| 520 | |a Examina el fenómeno del neoextractivismo palmero en la región centroamericana, específicamente en el área de La Pasión y el Bajo Aguán. El artículo analiza las implicaciones sociales, económicas y ambientales de esta actividad, así como las formas de violencia asociadas a ella. RAR 31-03-2023 | ||
| 650 | 0 | |2 OCDE |9 2513 |a PALMERAS | |
| 650 | 0 | |2 OCDE |9 2111 |a CONSECUENCIAS SOCIALES | |
| 650 | 0 | |2 OCDE |9 7542 |a CONSECUENCIAS ECONOMICAS | |
| 650 | 0 | |2 OCDE |9 133 |a VIOLENCIA | |
| 650 | 0 | |2 UNESCO |9 10225 |a CONFLICTOS AMBIENTALES | |
| 773 | 0 | |0 18765 |9 7627 |a Universidad de Costa Rica. |d San José, Costa Rica: Editorial Universidad de Costa Rica, 1974- |o 23636 |t Anuario de Estudios Centroamericanos / |x 03777316 | |
| 942 | |2 ddc |c PP | ||
| 999 | |c 44485 |d 44485 | ||
| 773 | 0 | |0 18765 |9 7629 |a Universidad de Costa Rica. |d San José, Costa Rica: Editorial Universidad de Costa Rica, 1974- |o 23638 |t Anuario de Estudios Centroamericanos / |x 03777316 | |
